01120nam a22002417a 450000500170000001000260001702000280004303500230007103700130009408200110010710000180011824501030013626000710023927000700031030000370038052002020041761000670061965000420068670000170072870000180074571000490076371000660081220230720163342.0 aENG-112507 ENG-137500 a9789381904985c880.00  aEN-96039 EN-121032 bDBAD/PUB a327.54 aBhatia, Rajiv aTransforming South Asia imperatives for action /cby Rajiv Bhatia, Swaran Singh [and] Reena Marwah aNew Delhi bKW Publishers :bIndian Council of World Affairsc2014 a4676/21, First Floor, Ansari Road, Daryaganj bNew Delhi e110002 axxx,227p. :c23cm(Hb)bill.,maps aPapers presented at the Third Asian Relations Conference, held at New Delhi in March 2012 organized by Indian Council of World Affairs, New Delhi in collaboration with Association of Asia Scholars. a South Asian Association for Regional CooperationvCongresses. aSouth Asian cooperation vCongresses. aSwaran Singh aMarwah, Reena aIndian Council of World Affairs,eorganizer. a Association of Asia Scholars (New Delhi, India),eorganizer.